|
|
|
|
| LEADER |
00000cam a2200000 a 4500 |
| 001 |
46664 |
| 003 |
Ucuenca |
| 005 |
20230308155825.0 |
| 008 |
014111|1996 ec |||||r|||||||||||spa|| |
| 040 |
|
|
|b spa
|
| 041 |
0 |
|
|a es
|
| 082 |
0 |
|
|a 605
|
| 100 |
1 |
|
|a Cazorla Palacios, Rubén
|9 14281
|
| 245 |
1 |
1 |
|a Historia de la traumatología en Cuenca
|c Rubén Cazorla Palacios
|h imp
|
| 264 |
|
|
|a Cuenca
|b s.e.
|c 1996
|
| 300 |
|
|
|a 157 páginas:
|b ilu
|c 21 cm
|
| 650 |
|
4 |
|a Traumatología
|9 4531
|
| 852 |
|
|
|a UC-CDJBV
|f Compra
|l 1
|m General
|p 20141111
|q 1.00
|r 2
|t 46664
|y 25594
|b 0
|d CDRC
|e CDRC
|g 605 SEGUNDO PISO
|z 2014-41-11
|
| 942 |
|
|
|c BK
|2 ddc
|r ivan.verdugo@ucuenca.edu.ec
|
| 999 |
|
|
|c 7719
|d 7719
|